Titoli di film che contengono città #2 - Statistics

Statistiche generali
  • Questo quiz è stato fatto 83 volte
  • Il punteggio medio è 2 su 10
Statistiche sulle risposte
Titoli dei film (incompleti) Anno Città % Corretto
Ultimo tango a ________ 1972 Parigi
87%
Lasciarsi un giorno a ________ 2021 Roma
44%
________ Milano - solo andata 1995 Palermo
41%
Le quattro giornate di ________ 1962 Napoli
32%
________ mon amour 1959 Hiroshima
12%
Attacco a ________ 2018 Mumbai
8%
USS ________ 2016 Indianapolis
7%
________ senza meta 1998 Los Angeles
4%
Fuga da ________ 2020 Pretoria
4%
Ultime lettere da ________ 1969 Stalingrado
4%
Nessun quiz corrispondente trovato
Distribuzione punteggi
Percentuale di utenti per punteggio
Percentile per numero di risposta
I tuoi punteggi nel tempo
Non hai fatto questo quiz